000 00515nam a22001937a 4500
003 KOHA_MİRAKIL
005 20250417165403.0
008 250417b tu ||||| |||| 00| 0 tur d
020 _a9786053754701
040 _aTR-AnABB
_btur
_cTR-AnABB
041 _atur
082 _a928.41
_bFRİ 2015
100 1 _aFriedlander, Saul,
245 1 0 _aKafka /
_cSaul Friedlander
260 _aİstanbul :
_bİthaki Yayınları,
_c2015
300 _a200 sayfa ;
_c21 cm
650 0 0 _aBiyografi
942 _2ddc
_cBK
999 _c8770
_d8770
900 _bGizem YORULMAZ